000 00947nam a22001935i 4500
001 156187
003 ES-MaACL
005 20251011165009.0
008 020416s1883 sp |||| | spa d
040 _aCAM
_bspa
_cCAM
100 1 _aJackson Veyán, José.
_965824
245 1 0 _aTragarse la píldora
_b: juguete cómico-lírico en u nacto y en verso /
_coriginal de José Jackson Veyan; música del maestro Manuel Nieto.
260 _aMadrid :
_b[s.n.],
_c1883 (
_festablecimiento tipográfico de M.P. Montoya y Compañía)
500 1 _aEstrenado en el teatro de Variedades, el 22 de noviembre de 1883.
596 1 _aEn verso de port. consta: "... de la Biblioteca Lírico-Dramática de Enrique Arregui ..."
700 1 1 _aNieto, Manuel,
_d1844-1915
_emús.
_9130485
852 _aES-MaACL
_jF-4091(4)
_z-- Enc. hol.
_q-- Falto de la cub. original
_z-- Enc. en un vol. facticio
_x-- Edic: Añadir T300: 27 p.; 20 cm
999 _c156187
_d156187